Statistiques concernant Personnalités dont le nom commence par la lettre Z (par images)

Cliquez ici pour prendre le quiz!

Statistiques générales

  • Ce quiz a été pris 367 fois
  • Le résultat moyen est 9 sur 20

Statistiques - réponses

Réponse% Correct
Roschdy Zem
99%
Éric Zemmour
98%
ZInédine Zidane
97%
Zazie
94%
Mark Zuckerberg
90%
Zendaya
81%
Volodymyr Zelensky
67%
Alexander Zverev
48%
Zico
37%
Karl Zéro
36%
Johann Zarco
27%
Catherine Zeta-Jones
24%
Julie Zenatti
20%
Franky Zapata
17%
Renée Zellweger
17%
Elsa Zylberstein
13%
Hans Zimmer
12%
Zep
11%
Rachel Zegler
5%
Robert Zemeckis
5%

Distribution des résultats

Percentile par nombre de réponses

% des personnes avec chaque résultat

Votre développement - résultats

Vous n’avez pas pris ce quiz